[Event "CRO-chT1A 26th"]
[Site "Mali Losinj"]
[Date "2017.10.05"]
[Round "8.46"]
[White "Zelenika, Srdjan"]
[Black "Zelic, Mladen"]
[Result "1/2-1/2"]
[WhiteElo "2215"]
[BlackElo "2323"]
[PlyCount "29"]
[EventDate "2017.09.28"]
[EventType "team-tourn"]
[EventRounds "9"]
[EventCountry "CRO"]
[SourceTitle "EXT 2018"]
[Source "ChessBase"]
[SourceDate "2017.10.13"]
[SourceVersion "1"]
[SourceVersionDate "2017.10.13"]
[SourceQuality "1"]
[WhiteTeam "Rijeka"]
[BlackTeam "Solin Cemex"]
[WhiteTeamCountry "CRO"]
[BlackTeamCountry "CRO"]

1. e4 e5 2. Nf3 Nc6 3. Bc4 Nf6 4. d3 Be7 5. 0-0 0-0 6. Re1 d6 7. a4 Be6 8. Nbd2 Qd7 9. c3 Rfe8 10. b4 Bf8 11. b5 Ne7 12. Bxe6 Qxe6 13. Qb3 Ng6 14. Qxe6 Rxe6 15. Nb3 1/2-1/2

[Event "CRO-chT1A 26th"]
[Site "Mali Losinj"]
[Date "2017.10.03"]
[Round "6.36"]
[White "Zelenika, Srdjan"]
[Black "Soldo, Josip"]
[Result "1-0"]
[WhiteElo "2215"]
[BlackElo "2122"]
[PlyCount "53"]
[EventDate "2017.09.28"]
[EventType "team-tourn"]
[EventRounds "9"]
[EventCountry "CRO"]
[SourceTitle "EXT 2018"]
[Source "ChessBase"]
[SourceDate "2017.10.13"]
[SourceVersion "1"]
[SourceVersionDate "2017.10.13"]
[SourceQuality "1"]
[WhiteTeam "Rijeka"]
[BlackTeam "Slavonski Brod Djakovic"]
[WhiteTeamCountry "CRO"]
[BlackTeamCountry "CRO"]

1. e4 c5 2. Nf3 Nc6 3. d4 cxd4 4. Nxd4 Nf6 5. Nc3 d6 6. Bg5 e6 7. Qd2 Be7 8. 0-0-0 a6 9. f4 Qc7 10. Nf3 b5 11. Bd3 Bb7 12. Rhe1 b4 13. Na4 0-0 14. Qf2 a5 15. e5 dxe5 16. fxe5 Ng4 17. Qh4 Bxg5+ 18. Nxg5 h6 19. Nxe6 fxe6 20. Qxg4 Qf7 21. Nc5 Bc8 22. g3 Qe7 23. Qe4 Qxc5 24. Qh7+ Kf7 25. Rf1+ Ke7 26. Qxg7+ Ke8 27. Bg6+ 1-0

[Event "CRO-chT1A 26th"]
[Site "Mali Losinj"]
[Date "2017.10.01"]
[Round "4.26"]
[White "Zelenika, Srdjan"]
[Black "Loncar, Robert"]
[Result "0-1"]
[WhiteElo "2215"]
[BlackElo "2368"]
[PlyCount "64"]
[EventDate "2017.09.28"]
[EventType "team-tourn"]
[EventRounds "9"]
[EventCountry "CRO"]
[SourceTitle "EXT 2018"]
[Source "ChessBase"]
[SourceDate "2017.10.13"]
[SourceVersion "1"]
[SourceVersionDate "2017.10.13"]
[SourceQuality "1"]
[WhiteTeam "Rijeka"]
[BlackTeam "Kastel Novi Sedlar"]
[WhiteTeamCountry "CRO"]
[BlackTeamCountry "CRO"]

1. e4 e5 2. Nf3 Nc6 3. Bc4 Nf6 4. d3 h6 5. 0-0 d6 6. Re1 g5 7. c3 g4 8. Nfd2 h5 9. Nf1 h4 10. Bg5 Rh5 11. Be3 a6 12. Bb3 d5 13. exd5 Nxd5 14. Bc1 Be6 15. Nbd2 Qd7 16. Ne4 Be7 17. d4 exd4 18. cxd4 0-0-0 19. a3 Qe8 20. Ne3 Qh8 21. Bxd5 Bxd5 22. Nxd5 Rhxd5 23. Qxg4+ f5 24. Qh3 Nxd4 25. Nc3 R5d7 26. Rb1 Qh5 27. Bf4 Bc5 28. Kf1 Nc2 29. Rec1 Rd3 30. Qxd3 Rxd3 31. Rxc2 h3 32. Na4 Rd1+ 0-1

[Event "CRO Cup"]
[Site "Mali Losinj"]
[Date "2017.05.12"]
[Round "4.2"]
[White "Bubalovic, Davorin"]
[Black "Zelenika, Srdjan"]
[Result "1-0"]
[WhiteElo "2211"]
[BlackElo "2219"]
[PlyCount "67"]
[EventDate "2017.05.10"]
[EventType "team-swiss"]
[EventRounds "6"]
[EventCountry "CRO"]
[SourceTitle "CBM 178 Extra"]
[Source "ChessBase"]
[SourceDate "2017.06.22"]
[SourceVersion "1"]
[SourceVersionDate "2017.06.22"]
[SourceQuality "1"]
[WhiteTeam "Vinkovci"]
[BlackTeam "Rijeka Rijeka"]
[WhiteTeamCountry "CRO"]
[BlackTeamCountry "CRO"]

1. e4 c5 2. Nf3 Nc6 3. Bb5 g6 4. 0-0 Bg7 5. c3 Nf6 6. Re1 0-0 7. h3 d5 8. e5 Ne8 9. d4 cxd4 10. cxd4 Bd7 11. Nc3 Nc7 12. Bf1 Rb8 13. Be3 b5 14. Qd2 b4 15. Ne2 Ne6 16. Ng5 Nxg5 17. Bxg5 Qb6 18. b3 Rfe8 19. Be3 Nd8 20. Nf4 e6 21. Nd3 Bf8 22. Rac1 Nb7 23. Rc2 Rec8 24. Rec1 Rxc2 25. Rxc2 Rc8 26. Rxc8 Bxc8 27. Qc2 Bd7 28. h4 h5 29. Nf4 Qc6 30. Qd1 Be8 31. g4 Qc7 32. gxh5 Qe7 33. Qg4 Nd8 34. Bd3 1-0

[Event "CRO Cup"]
[Site "Mali Losinj"]
[Date "2016.05.05"]
[Round "3.34"]
[White "Zelenika, Srdjan"]
[Black "Zivkovic, Nikola"]
[Result "0-1"]
[WhiteElo "2253"]
[BlackElo "2149"]
[PlyCount "88"]
[EventDate "2016.05.04"]
[EventType "team-swiss"]
[EventRounds "6"]
[EventCountry "CRO"]
[SourceTitle "CBM 172 Extra"]
[Source "ChessBase"]
[SourceDate "2016.06.21"]
[SourceVersion "1"]
[SourceVersionDate "2016.06.21"]
[SourceQuality "1"]
[WhiteTeam "Rijeka Rijeka"]
[BlackTeam "Vukovar 91"]
[WhiteTeamCountry "CRO"]
[BlackTeamCountry "CRO"]

1. e4 c5 2. Nf3 d6 3. d4 cxd4 4. Nxd4 Nf6 5. Nc3 a6 6. g3 g6 7. Bg2 Bg7 8. 0-0 0-0 9. h3 h6 10. Be3 Nbd7 11. Qd2 Kh7 12. a4 Nb6 13. b3 e5 14. Nde2 Be6 15. a5 Nc8 16. Rfd1 Qe7 17. Na4 Ne8 18. c4 f5 19. Nac3 Nf6 20. Kh2 Nh5 21. Rac1 f4 22. Nd5 Bxd5 23. cxd5 fxe3 24. Qxe3 Qf7 25. f3 Bf6 26. Rc4 Bd8 27. Qc3 Na7 28. Rc1 Nb5 29. Qb4 Bg5 30. R1c2 Be3 31. Qe1 Ba7 32. Qc1 Qf6 33. b4 Rae8 34. Rb2 Rf7 35. Rb3 Ree7 36. h4 Rc7 37. Bh3 Rxc4 38. Qxc4 Rc7 39. Qd3 Nd4 40. Nxd4 Bxd4 41. Bg4 Ng7 42. b5 h5 43. Bh3 axb5 44. Bg2 g5 0-1

[Event "Sarajevo Bosna op-B 44th"]
[Site "Sarajevo"]
[Date "2014.06.05"]
[Round "8"]
[White "Vidic, Teja"]
[Black "Zelenika, Srdjan"]
[Result "0-1"]
[WhiteElo "1940"]
[BlackElo "2274"]
[PlyCount "82"]
[EventDate "2014.05.30"]
[EventType "swiss"]
[EventRounds "9"]
[EventCountry "BIH"]
[SourceTitle "CBM 160 Extra"]
[Source "ChessBase"]
[SourceDate "2014.07.01"]
[SourceVersion "1"]
[SourceVersionDate "2014.07.01"]
[SourceQuality "1"]

1. e4 c5 2. Nf3 Nc6 3. d4 cxd4 4. Nxd4 g6 5. c4 Bg7 6. Be3 Nf6 7. Nc3 d6 8. Be2 0-0 9. 0-0 Bd7 10. f3 Nxd4 11. Bxd4 a5 12. b3 Bc6 13. Rc1 Nd7 14. Bf2 Nc5 15. Qd2 Kh8 16. Rc2 Rg8 17. Rb1 g5 18. a3 Be5 19. b4 axb4 20. axb4 Ne6 21. b5 Bd7 22. g3 Nc5 23. Rd1 Ra3 24. Kh1 b6 25. Bd4 Bxd4 26. Qxd4+ f6 27. Nd5 Be6 28. Nb4 Qc7 29. f4 gxf4 30. gxf4 Bh3 31. Bh5 e5 32. fxe5 dxe5 33. Qf2 Nxe4 34. Qh4 f5 35. Nd3 Ng5 36. Nb4 Qc5 37. Bf7 Qe3 38. Rf2 Bg4 39. Bxg8 Qe4+ 40. Kg1 Nh3+ 41. Kf1 Qh1# 0-1

[Event "Sarajevo Bosna op-B 44th"]
[Site "Sarajevo"]
[Date "2014.06.01"]
[Round "4"]
[White "Hadzi Manev, Ljubomir"]
[Black "Zelenika, Srdjan"]
[Result "0-1"]
[WhiteElo "2045"]
[BlackElo "2274"]
[PlyCount "82"]
[EventDate "2014.05.30"]
[EventType "swiss"]
[EventRounds "9"]
[EventCountry "BIH"]
[SourceTitle "CBM 160 Extra"]
[Source "ChessBase"]
[SourceDate "2014.07.01"]
[SourceVersion "1"]
[SourceVersionDate "2014.07.01"]
[SourceQuality "1"]

1. d4 Nf6 2. c4 g6 3. Nc3 Bg7 4. e4 d6 5. h3 0-0 6. Be3 e5 7. d5 a5 8. g4 Na6 9. Nge2 c6 10. Ng3 cxd5 11. cxd5 Nc5 12. Be2 Bd7 13. Qd2 Ne8 14. h4 Nc7 15. h5 Re8 16. Bh6 Bxh6 17. Qxh6 Qe7 18. hxg6 fxg6 19. 0-0-0 Rf8 20. Rh2 Rf7 21. Rg1 Rg7 22. Nd1 Rf8 23. Ne3 Qf6 24. Kd2 Qf4 25. f3 Nb5 26. Rh3 Nd4 27. Bd1 Bb5 28. g5 Nxf3+ 29. Bxf3 Qxf3 30. Qxg7+ Kxg7 31. Ngf5+ gxf5 32. Rxf3 Nxe4+ 33. Kd1 Kg6 34. b3 f4 35. Nc4 Bxc4 36. bxc4 Rc8 37. Rb3 Rxc4 38. Rxb7 Rd4+ 39. Kc2 Rxd5 40. Rb8 Rd2+ 41. Kc1 Rxa2 0-1

[Event "Rijeka Liburnija op 05"]
[Site "Rijeka"]
[Date "2014.05.25"]
[Round "6"]
[White "Zelenika, Srdjan"]
[Black "Tica, Sven"]
[Result "1/2-1/2"]
[WhiteElo "2274"]
[BlackElo "2174"]
[PlyCount "107"]
[EventDate "2014.05.20"]
[EventType "swiss"]
[EventRounds "9"]
[EventCountry "CRO"]
[SourceTitle "CBM 160 Extra"]
[Source "ChessBase"]
[SourceDate "2014.07.01"]
[SourceVersion "1"]
[SourceVersionDate "2014.07.01"]
[SourceQuality "1"]

1. e4 c5 2. Nf3 g6 3. d4 Bg7 4. Nc3 cxd4 5. Nxd4 Nc6 6. Be3 Nf6 7. Be2 0-0 8. Nb3 d6 9. 0-0 Bd7 10. f4 Qc8 11. h3 Rb8 12. a4 b6 13. Bf3 Be6 14. Nd5 Nd7 15. c3 Nc5 16. Nd2 Qd7 17. b4 Nb7 18. Qe2 f5 19. exf5 Rxf5 20. Qd3 Rff8 21. g4 Rbc8 22. Rae1 Rce8 23. Bf2 Bf7 24. Qe4 Nbd8 25. b5 Na5 26. Nxe7+ Kh8 27. Bd4 Ne6 28. Bxg7+ Nxg7 29. f5 gxf5 30. gxf5 Nb3 31. f6 Nf5 32. Nxb3 Ng3 33. Bg4 Qc7 34. Qc6 Qxc6 35. bxc6 Nxf1 36. Rxf1 Bxb3 37. c7 Bc4 38. Rf2 Ba6 39. Bd7 Ra8 40. f7 Kg7 41. Be8 Bb7 42. Nf5+ Kg6 43. Nxd6 Bc8 44. Kg2 Be6 45. Rf4 Bd5+ 46. Kg3 Be6 47. h4 h5 48. Re4 Bc8 49. Re5 Kf6 50. Kf4 Bh3 51. Ne4+ Kg7 52. Re7 Bg4 53. Nd6 Kf6 54. Re5 1/2-1/2

[Event "Rijeka Liburnija op 05"]
[Site "Rijeka"]
[Date "2014.05.22"]
[Round "3"]
[White "Muskardin, Mario"]
[Black "Zelenika, Srdjan"]
[Result "1-0"]
[WhiteElo "2231"]
[BlackElo "2274"]
[PlyCount "136"]
[EventDate "2014.05.20"]
[EventType "swiss"]
[EventRounds "9"]
[EventCountry "CRO"]
[SourceTitle "CBM 160 Extra"]
[Source "ChessBase"]
[SourceDate "2014.07.01"]
[SourceVersion "1"]
[SourceVersionDate "2014.07.01"]
[SourceQuality "1"]

1. e4 c5 2. Ne2 Nc6 3. g3 g6 4. Bg2 Bg7 5. c3 e5 6. d3 Nge7 7. 0-0 0-0 8. Be3 b6 9. f4 d5 10. fxe5 d4 11. cxd4 cxd4 12. Bf2 Bxe5 13. Nd2 Bg7 14. Qa4 b5 15. Qa3 Bg4 16. Nf4 b4 17. Qa4 Rb8 18. Nb3 Qd6 19. Rac1 g5 20. Nd5 Nxd5 21. Rxc6 Nb6 22. Rxd6 Nxa4 23. Bxd4 Rfd8 24. Bxg7 Rxd6 25. Be5 Rbd8 26. Bxd6 Rxd6 27. d4 Nxb2 28. h3 Bd1 29. e5 Rd8 30. d5 Bxb3 31. axb3 Nd3 32. Rf5 Re8 33. e6 fxe6 34. dxe6 Kg7 35. Rf7+ Kg8 36. Bd5 Ne5 37. Rxa7 Ng6 38. Rb7 Ne7 39. Bc4 Kf8 40. Rxb4 Kg7 41. Rb7 Kf6 42. Rd7 Ra8 43. Rd2 Ke5 44. Rf2 Nf5 45. Re2+ Kd6 46. g4 Nd4 47. Re4 Nf3+ 48. Kf2 Ne5 49. Rd4+ Ke7 50. Bd5 Rd8 51. Ke3 Ng6 52. Be4 Rb8 53. Bxg6 hxg6 54. b4 Kxe6 55. Ke4 Rb7 56. Rc4 Kd6 57. Rd4+ Ke6 58. Kd3 Ke5 59. Rc4 Rd7+ 60. Kc3 Rb7 61. Rc5+ Kf4 62. b5 Kg3 63. Rxg5 Rb6 64. Kb4 Rf6 65. Kc5 Kxh3 66. b6 Kh4 67. b7 Kxg5 68. b8Q Kxg4 1-0

[Event "Rijeka Liburnija op 05"]
[Site "Rijeka"]
[Date "2014.05.20"]
[Round "1"]
[White "Jokic, Miljenko"]
[Black "Zelenika, Srdjan"]
[Result "0-1"]
[WhiteElo "1853"]
[BlackElo "2274"]
[PlyCount "90"]
[EventDate "2014.05.20"]
[EventType "swiss"]
[EventRounds "9"]
[EventCountry "CRO"]
[SourceTitle "CBM 160 Extra"]
[Source "ChessBase"]
[SourceDate "2014.07.01"]
[SourceVersion "1"]
[SourceVersionDate "2014.07.01"]
[SourceQuality "1"]

1. e4 c5 2. c3 d5 3. exd5 Qxd5 4. Nf3 Nf6 5. d4 Bg4 6. Na3 Nc6 7. Be3 cxd4 8. cxd4 e6 9. Bc4 Bb4+ 10. Kf1 Qa5 11. Nc2 Bd6 12. h3 Bh5 13. g4 Bg6 14. a3 Rc8 15. Bd3 Bxd3+ 16. Qxd3 Qd5 17. Ke2 0-0 18. Bg5 Qe4+ 19. Qxe4 Nxe4 20. Rhd1 Na5 21. Nce1 Nb3 22. Rab1 Nxg5 23. Nxg5 Rfd8 24. Ngf3 a5 25. Ke3 Bb8 26. a4 Ba7 27. Rd3 Nxd4 28. Nxd4 e5 29. b4 Bxd4+ 30. Ke2 e4 31. Rdb3 Rc4 32. bxa5 Rxa4 33. Rc1 Rxa5 34. Rxb7 f5 35. f4 exf3+ 36. Kxf3 Ra3+ 37. Kg2 fxg4 38. hxg4 Rf8 39. Rc2 Be5 40. Kg1 Ra4 41. Rg2 Raf4 42. Kh1 Rf1+ 43. Rg1 Bd4 44. Rxf1 Rxf1+ 45. Kg2 Rxe1 0-1

[Event "CRO-chT2 West"]
[Site "Croatia"]
[Date "2013.10.20"]
[Round "9.21"]
[White "Lukenda, Tina"]
[Black "Zelenika, Srdjan"]
[Result "1-0"]
[WhiteElo "2140"]
[BlackElo "2283"]
[PlyCount "89"]
[EventDate "2013.03.16"]
[EventType "team-tourn"]
[EventRounds "9"]
[EventCountry "CRO"]
[SourceTitle "EXT 2019"]
[Source "ChessBase"]
[SourceDate "2018.10.10"]
[SourceVersion "1"]
[SourceVersionDate "2018.10.10"]
[SourceQuality "1"]
[WhiteTeam "Rijeka Maestral"]
[BlackTeam "Rijeka CC II"]
[WhiteTeamCountry "CRO"]
[BlackTeamCountry "CRO"]

1. d4 Nf6 2. Nf3 g6 3. c4 Bg7 4. Nc3 0-0 5. Bg5 d6 6. Qb3 Nbd7 7. e3 h6 8. Bh4 c5 9. d5 g5 10. Bg3 Nh5 11. Bd3 Nxg3 12. hxg3 Nf6 13. Qc2 Re8 14. 0-0 a6 15. Nd2 Bd7 16. a4 Qa5 17. Bf5 e6 18. dxe6 fxe6 19. Bg6 Red8 20. Nde4 Bc6 21. Rad1 Qc7 22. Nxf6+ Bxf6 23. Ne4 Bg7 24. Rd2 b6 25. g4 Be5 26. f4 gxf4 27. exf4 Bd4+ 28. Rxd4 cxd4 29. Nf6+ Kf8 30. g5 Ke7 31. Qe2 Rf8 32. Nh7 Qd8 33. f5 e5 34. f6+ Kd7 35. Be4 hxg5 36. Nxf8+ Qxf8 37. Qg4+ Kc7 38. Bxc6 Kxc6 39. f7 Rd8 40. Qxg5 Rd7 41. Qf5 d3 42. Qxd3 Kc7 43. Qd5 e4 44. Qe6 Re7 45. Qxe7+ 1-0

[Event "CRO-chT2 West"]
[Site "Croatia"]
[Date "2013.10.19"]
[Round "7.11"]
[White "Zelenika, Srdjan"]
[Black "Belamaric, Goran"]
[Result "1-0"]
[WhiteElo "2283"]
[BlackElo "2259"]
[PlyCount "79"]
[EventDate "2013.03.16"]
[EventType "team-tourn"]
[EventRounds "9"]
[EventCountry "CRO"]
[SourceTitle "EXT 2019"]
[Source "ChessBase"]
[SourceDate "2018.10.10"]
[SourceVersion "1"]
[SourceVersionDate "2018.10.10"]
[SourceQuality "1"]
[WhiteTeam "Rijeka CC II"]
[BlackTeam "Buje"]
[WhiteTeamCountry "CRO"]
[BlackTeamCountry "CRO"]

1. e4 Nc6 2. Nf3 d6 3. d4 Nf6 4. Nc3 Bg4 5. Be2 e5 6. Be3 Be7 7. d5 Nb8 8. h3 Bd7 9. 0-0 c5 10. Nd2 g5 11. Bxg5 Rg8 12. Bxf6 Bxf6 13. Kh2 Bg5 14. Nf3 Bh6 15. Rb1 Na6 16. a3 Rc8 17. Nb5 Qf6 18. Nxa7 Ra8 19. Nb5 Bf4+ 20. g3 Ke7 21. Nc3 Qg6 22. Rg1 Qh6 23. h4 Bg4 24. Kg2 Qh5 25. Kf1 Bh6 26. Ng5 Bxe2+ 27. Qxe2 Qxe2+ 28. Kxe2 Bxg5 29. hxg5 Rxg5 30. Rh1 h5 31. Rh4 Kf6 32. Nb5 Rd8 33. c4 Rd7 34. Nc3 Kg6 35. Nd1 Rg4 36. Ne3 Rxh4 37. gxh4 f6 38. Nf5 Kh7 39. b4 cxb4 40. axb4 1-0

[Event "CRO-chT Cup 22nd"]
[Site "Bol"]
[Date "2013.05.25"]
[Round "5.54"]
[White "Susak, Zeljko"]
[Black "Zelenika, Srdjan"]
[Result "0-1"]
[WhiteElo "2203"]
[BlackElo "2286"]
[PlyCount "142"]
[EventDate "2013.05.22"]
[EventType "team"]
[EventRounds "6"]
[EventCountry "CRO"]
[SourceTitle "CBM 154 Extra"]
[Source "ChessBase"]
[SourceDate "2013.06.25"]
[SourceVersion "2"]
[SourceVersionDate "2013.06.25"]
[SourceQuality "1"]
[WhiteTeam "Split Brda"]
[BlackTeam "Rijeka CC"]
[WhiteTeamCountry "CRO"]
[BlackTeamCountry "CRO"]

1. e4 c5 2. c3 d5 3. exd5 Qxd5 4. d4 Nf6 5. Nf3 e6 6. Be3 cxd4 7. cxd4 Be7 8. Nc3 Qd8 9. Bd3 0-0 10. 0-0 b6 11. Ne5 Bb7 12. Qe2 Nc6 13. Rad1 Nb4 14. Bb1 Ba6 15. Nd3 Rc8 16. Rfe1 Nfd5 17. Nxd5 Nxd5 18. a3 Qd6 19. Qh5 g6 20. Qh6 Nxe3 21. fxe3 Bf6 22. Nf2 Bg7 23. Qh4 Qd8 24. Qg3 Qc7 25. Qh4 Qd8 26. Qg3 Qe7 27. Ne4 Rfd8 28. Ng5 e5 29. d5 h6 30. Ne4 f5 31. Nc3 Kh7 32. e4 f4 33. Qh3 Qc5+ 34. Kh1 Qf2 35. b4 f3 36. b5 Rxc3 37. bxa6 Rxa3 38. gxf3 Rxf3 39. Qe6 Rd6 40. Qc8 Rdf6 41. Rg1 Re3 42. Qg4 h5 43. Qg2 Bf8 44. Rgf1 Qxg2+ 45. Kxg2 Rxf1 46. Rxf1 Kg7 47. Rd1 Bd6 48. Bd3 Kf6 49. Rf1+ Ke7 50. Rd1 Bc5 51. Rd2 g5 52. h3 Bd4 53. Rd1 Kd6 54. Kh2 g4 55. hxg4 hxg4 56. Kg2 Bc5 57. Kh2 Bb4 58. Kg2 Re1 59. Rxe1 Bxe1 60. Kf1 Bh4 61. Be2 g3 62. Kg2 Kc5 63. Kh3 b5 64. d6 Kb6 65. Bf1 Bd8 66. Kxg3 b4 67. Kf2 Kc5 68. Ke3 b3 69. Kd2 Kd4 70. Bg2 Bg5+ 71. Kd1 Kc3 0-1

[Event "CRO-chT Cup 22nd"]
[Site "Bol"]
[Date "2013.05.24"]
[Round "4.44"]
[White "Zelenika, Srdjan"]
[Black "Rosandic, Denis"]
[Result "1/2-1/2"]
[WhiteElo "2286"]
[BlackElo "2243"]
[PlyCount "27"]
[EventDate "2013.05.22"]
[EventType "team"]
[EventRounds "6"]
[EventCountry "CRO"]
[SourceTitle "CBM 154 Extra"]
[Source "ChessBase"]
[SourceDate "2013.06.25"]
[SourceVersion "2"]
[SourceVersionDate "2013.06.25"]
[SourceQuality "1"]
[WhiteTeam "Rijeka CC"]
[BlackTeam "Vukovar"]
[WhiteTeamCountry "CRO"]
[BlackTeamCountry "CRO"]

1. e4 e5 2. Nf3 Nf6 3. Nxe5 d6 4. Nf3 Nxe4 5. d4 d5 6. Bd3 Bd6 7. 0-0 0-0 8. c4 c6 9. Nc3 Nxc3 10. bxc3 dxc4 11. Bxc4 Bg4 12. h3 Bh5 13. Re1 Nd7 14. a4 1/2-1/2

[Event "CRO-chT Cup 22nd"]
[Site "Bol"]
[Date "2013.05.23"]
[Round "2.24"]
[White "Zelenika, Srdjan"]
[Black "Kovacevic, Blazimir"]
[Result "1/2-1/2"]
[WhiteElo "2286"]
[BlackElo "2427"]
[PlyCount "59"]
[EventDate "2013.05.22"]
[EventType "team"]
[EventRounds "6"]
[EventCountry "CRO"]
[SourceTitle "CBM 154 Extra"]
[Source "ChessBase"]
[SourceDate "2013.06.25"]
[SourceVersion "2"]
[SourceVersionDate "2013.06.25"]
[SourceQuality "1"]
[WhiteTeam "Rijeka CC"]
[BlackTeam "Zagreb Mladost"]
[WhiteTeamCountry "CRO"]
[BlackTeamCountry "CRO"]

1. e4 e6 2. d4 d5 3. Nd2 Nc6 4. Ngf3 Nf6 5. e5 Nd7 6. Bb5 a6 7. Bxc6 bxc6 8. Nb3 c5 9. Bg5 Be7 10. Na5 Nxe5 11. Nxe5 Bxg5 12. Nac6 Qd6 13. Qh5 0-0 14. Qxg5 f6 15. dxc5 Qxc5 16. Qe3 Qxe3+ 17. fxe3 fxe5 18. Nxe5 a5 19. 0-0-0 Ba6 20. Rd2 Bb5 21. b3 Rf5 22. Nd3 a4 23. Kb2 axb3 24. axb3 Bxd3 25. cxd3 Re5 26. Rc1 Ra7 27. e4 dxe4 28. dxe4 Rxe4 29. Rd8+ Kf7 30. Rd7+ 1/2-1/2

[Event "CRO-chT2 West"]
[Site "Croatia"]
[Date "2013.04.21"]
[Round "5.21"]
[White "Zelenika, Srdjan"]
[Black "Savic, Miroslav"]
[Result "1-0"]
[WhiteElo "2283"]
[BlackElo "2248"]
[PlyCount "65"]
[EventDate "2013.03.16"]
[EventType "team-tourn"]
[EventRounds "9"]
[EventCountry "CRO"]
[SourceTitle "EXT 2019"]
[Source "ChessBase"]
[SourceDate "2018.10.10"]
[SourceVersion "1"]
[SourceVersionDate "2018.10.10"]
[SourceQuality "1"]
[WhiteTeam "Rijeka CC II"]
[BlackTeam "Karlobag"]
[WhiteTeamCountry "CRO"]
[BlackTeamCountry "CRO"]

1. e4 c5 2. Nf3 d6 3. d4 cxd4 4. Nxd4 Nf6 5. Nc3 a6 6. Bg5 e6 7. f4 Qb6 8. Nb3 h6 9. Bxf6 gxf6 10. Qf3 Nc6 11. 0-0-0 Bd7 12. g3 Rc8 13. Kb1 Qc7 14. Qh5 b5 15. a3 Rg8 16. Bh3 Rg6 17. Rhf1 Qb7 18. f5 Rg5 19. fxe6 Bxe6 20. Qh4 Qd7 21. Nd5 Rxd5 22. exd5 Bxh3 23. dxc6 Rxc6 24. Rfe1+ Kd8 25. Nd4 Rc4 26. Qxf6+ Kc7 27. Re4 Bf5 28. Re3 Rxd4 29. Qxd4 Kb7 30. Qh8 Be7 31. Qxh6 Bg6 32. Qf4 Qd8 33. Rxe7+ 1-0

[Event "CRO-chT2 West"]
[Site "Croatia"]
[Date "2013.04.20"]
[Round "4.41"]
[White "Medancic, Rikard"]
[Black "Zelenika, Srdjan"]
[Result "1/2-1/2"]
[WhiteElo "2228"]
[BlackElo "2283"]
[PlyCount "31"]
[EventDate "2013.03.16"]
[EventType "team-tourn"]
[EventRounds "9"]
[EventCountry "CRO"]
[SourceTitle "EXT 2019"]
[Source "ChessBase"]
[SourceDate "2018.10.10"]
[SourceVersion "1"]
[SourceVersionDate "2018.10.10"]
[SourceQuality "1"]
[WhiteTeam "Rijeka Kvarner"]
[BlackTeam "Rijeka CC II"]
[WhiteTeamCountry "CRO"]
[BlackTeamCountry "CRO"]

1. d4 Nf6 2. Nc3 d5 3. Bg5 Nbd7 4. e3 g6 5. f4 Bg7 6. Qf3 c6 7. Bd3 b5 8. Nge2 0-0 9. 0-0 Nb6 10. b3 a5 11. Ng3 b4 12. Nce2 Ba6 13. h3 a4 14. Qf2 Nc8 15. f5 Nd6 16. fxg6 1/2-1/2

[Event "CRO-chT2 West"]
[Site "Croatia"]
[Date "2013.03.17"]
[Round "2.31"]
[White "Licardo, Renato"]
[Black "Zelenika, Srdjan"]
[Result "0-1"]
[WhiteElo "2262"]
[BlackElo "2283"]
[PlyCount "104"]
[EventDate "2013.03.16"]
[EventType "team-tourn"]
[EventRounds "9"]
[EventCountry "CRO"]
[SourceTitle "EXT 2019"]
[Source "ChessBase"]
[SourceDate "2018.10.10"]
[SourceVersion "1"]
[SourceVersionDate "2018.10.10"]
[SourceQuality "1"]
[WhiteTeam "Porec Gortan"]
[BlackTeam "Rijeka CC II"]
[WhiteTeamCountry "CRO"]
[BlackTeamCountry "CRO"]

1. e4 c5 2. Nf3 Nc6 3. d4 cxd4 4. Nxd4 Nf6 5. Nc3 e5 6. Ndb5 d6 7. Nd5 Nxd5 8. exd5 Nb8 9. c4 a6 10. Nc3 Be7 11. Bd3 0-0 12. 0-0 f5 13. f3 Bg5 14. Bxg5 Qxg5 15. f4 exf4 16. Qd2 Nd7 17. Rxf4 Ne5 18. Raf1 Bd7 19. Ne4 Qd8 20. Kh1 Ng6 21. Nxd6 Qc7 22. Nxf5 Nxf4 23. Rxf4 Qe5 24. Qf2 Rae8 25. g4 g6 26. Re4 Qf6 27. Nh6+ Kg7 28. Qxf6+ Kxf6 29. h4 Rxe4 30. Bxe4 Ke5 31. Bg2 Kf4 32. Kh2 b6 33. b4 Rc8 34. Bf1 a5 35. a3 Ke3 36. Nf7 Rf8 37. Ne5 Bc8 38. Bg2 Kd4 39. Nc6+ Kxc4 40. bxa5 bxa5 41. Kg3 a4 42. Bf3 Re8 43. Kf2 Kb3 44. Nd4+ Kxa3 45. Bd1 Bd7 46. h5 Kb2 47. hxg6 hxg6 48. Bxa4 Bxa4 49. Kf3 Kc3 50. Ne6 Bd7 51. Nc5 Rf8+ 52. Kg3 Rf7 0-1

[Event "CRO-chT2 West"]
[Site "Croatia"]
[Date "2013.03.17"]
[Round "3.31"]
[White "Zelenika, Srdjan"]
[Black "Karabaic, Ivan"]
[Result "1-0"]
[WhiteElo "2283"]
[BlackElo "2157"]
[PlyCount "75"]
[EventDate "2013.03.16"]
[EventType "team-tourn"]
[EventRounds "9"]
[EventCountry "CRO"]
[SourceTitle "EXT 2019"]
[Source "ChessBase"]
[SourceDate "2018.10.10"]
[SourceVersion "1"]
[SourceVersionDate "2018.10.10"]
[SourceQuality "1"]
[WhiteTeam "Rijeka CC II"]
[BlackTeam "Krk"]
[WhiteTeamCountry "CRO"]
[BlackTeamCountry "CRO"]

1. e4 c5 2. Nf3 Nc6 3. Bb5 Nf6 4. Nc3 a6 5. Bxc6 dxc6 6. d3 Bg4 7. h3 Bxf3 8. Qxf3 g6 9. Be3 Qa5 10. Qg3 c4 11. 0-0 cxd3 12. cxd3 Bg7 13. f4 0-0 14. Qf2 Qh5 15. Rac1 e5 16. fxe5 Nd7 17. d4 c5 18. dxc5 Nxe5 19. Rfd1 Rad8 20. Nd5 Kh8 21. Rd2 Nc6 22. Qf3 Qe5 23. Bf4 Qe6 24. Bd6 Rxd6 25. cxd6 Qxd6 26. Rcd1 f5 27. exf5 Rxf5 28. Qa3 Qe5 29. Ne3 Rf8 30. Rf1 Rxf1+ 31. Nxf1 h5 32. Qe3 Qf5 33. b3 Ne5 34. Ng3 Qc8 35. Rd5 Nc6 36. Qe4 h4 37. Qxh4+ Kg8 38. Qe4 1-0

[Event "CRO-chT2 West"]
[Site "Rijeka"]
[Date "2012.04.22"]
[Round "6.11"]
[White "Cherin, Diego"]
[Black "Zelenika, Srdjan"]
[Result "1/2-1/2"]
[WhiteElo "2272"]
[BlackElo "2316"]
[PlyCount "34"]
[EventDate "2012.03.17"]
[EventType "team-tourn"]
[EventRounds "9"]
[EventCountry "CRO"]
[SourceTitle "EXT 2013"]
[Source "ChessBase"]
[SourceDate "2012.11.22"]
[SourceVersion "1"]
[SourceVersionDate "2012.11.22"]
[SourceQuality "1"]

1. e4 c5 2. Nf3 Nc6 3. d4 cxd4 4. Nxd4 Nf6 5. Nc3 e5 6. Ndb5 d6 7. Bg5 a6 8. Na3 b5 9. Nd5 Be7 10. Bxf6 Bxf6 11. c4 b4 12. Nc2 Rb8 13. b3 Bg5 14. Be2 0-0 15. 0-0 g6 16. Qd3 Be6 17. Rfd1 Kh8 1/2-1/2